Franklin's blanket

Bibliographic Details
Main Author: Bourgeois, Paulette
Corporate Author: Title
Other Authors: Clark, Brenda
Format: Book
Published: New York : Scholastic Inc , 2002
Series:I'm on TV
Subjects:

MARC

LEADER 00000cam a2200000 7i4500
001 0000001667
005 20220105103924.0
008 070706
020 |a 0590254685 
090 0 0 |a JP   |b ANM ENG (2137) 
100 1 |a Bourgeois, Paulette 
245 1 0 |a Franklin's blanket   |c Written by Paulette Bourgeois;illustrated by Brenda Clark 
260 |a New York :   |b Scholastic Inc ,   |c 2002 
440 0 |a I'm on TV 
500 |a Children age 4-6 years old (yellow) 
650 0 |a Animal   |x Fiction 
700 0 |a Clark, Brenda 
710 0 |a Title 
999 |a 0000896650   |b Book   |c Children Collection   |e Cawangan Segamat 
999 |a 0000901249   |b Book   |c Children Collection   |e Cawangan Bandar Penawar 
999 |a 0000901318   |b Book   |c Children Collection   |e Cawangan Bandar Penawar 
999 |a 0000901319   |b Book   |c Children Collection   |e Cawangan Bandar Penawar 
999 |a 0000901321   |b Book   |c Children Collection   |e Cawangan Tangkak 
999 |a 0000962092   |b Book   |c Children Collection   |e Perbadanan Perpustakaan Awam Johor 
999 |a 0000962093   |b Book   |c Children Collection   |e Perbadanan Perpustakaan Awam Johor 
999 |a 0000962094   |b Book   |c Children Collection   |e Perbadanan Perpustakaan Awam Johor 
999 |a 0000962095   |b Book   |c Children Collection   |e Perbadanan Perpustakaan Awam Johor 
999 |a 0000962096   |b Book   |c Children Collection   |e Cawangan Taman Universiti 
999 |a 0001072389   |b Book   |c Children Collection   |e Cawangan Mersing